Dự án tăng cường khả năng sẵn sàng đi học cho trẻ mầm non DVD-ROM dữ liệu (dành cho cán bộ quản lý)
Saved in:
| Corporate Author: | |
|---|---|
| Format: | Book |
| Language: | Vietnamese |
| Subjects: | |
| Tags: |
Add Tag
No Tags, Be the first to tag this record!
|
| Institutions: | Trung tâm Học liệu Lê Vũ Hùng, Trường Đại học Đồng Tháp |
|---|
| LEADER | 00821nmm a22002298a 4500 | ||
|---|---|---|---|
| 001 | 00040353 | ||
| 008 | 171123s########-vm#################vie|d | ||
| 005 | 20190311140325.0 | ||
| 041 | 0 | # | |a vie |
| 082 | 1 | 4 | |a 372.21 |b D550A |
| 110 | 1 | # | |a Bộ Giáo dục và Đào tạo |
| 245 | 0 | 0 | |a Dự án tăng cường khả năng sẵn sàng đi học cho trẻ mầm non |b DVD-ROM dữ liệu (dành cho cán bộ quản lý) |h nguồn liệu điện tử |
| 300 | # | # | |a 1 CD |c 43/4 in. |
| 653 | # | # | |a Chăm sóc |
| 653 | # | # | |a Đĩa CD |
| 653 | # | # | |a Cán bộ quản lý |
| 653 | # | # | |a Giáo dục mầm non |
| 653 | # | # | |a Trường học |
| 852 | # | # | |j KD.0022870 |
| 910 | # | # | |d 23/11/2017 |a chi |
| 980 | # | # | |a Trung tâm Học liệu Lê Vũ Hùng, Trường Đại học Đồng Tháp |